| 000 | 00818nam a2200253 a 4500 | ||
|---|---|---|---|
| 001 | 000044167 | ||
| 003 | DO-SdBNP | ||
| 005 | 20240316073901.0 | ||
| 007 | ta | ||
| 008 | 140603s2006 dr 000 0 spa d | ||
| 040 |
_aDO-SdBNP _bspa _cBNPHU |
||
| 082 | 4 |
_bJ61i, 2006 _222 |
|
| 100 | 1 |
_aJimenes Grullón, Juan Isidro, _d1903-1983 _92482 |
|
| 245 | 1 | 3 | _aLa ideología revolucionaria de Juan Pablo Duarte. |
| 250 | _a3a. ed. | ||
| 260 |
_aSanto Domingo : _bManatí, _c2006. |
||
| 300 |
_a32 p. ; _c21 cm. |
||
| 490 | 1 |
_aCuadernos educativos y culturales _aIndependencia nacional _v11 |
|
| 504 | _aBibliografías : p. 31-32 | ||
| 590 | _aInventariado, 2022/BT | ||
| 700 |
_aCastro, Tomás, _d1959- _eed. _924641 |
||
| 830 | 0 |
_aCuadernos educativos y culturales _pIndependencia nacional _n11 _955130 |
|
| 942 |
_2ddc _cLF2 |
||
| 999 |
_c43656 _d43656 |
||